| 000 | 00608cam a2200205 4500 | ||
|---|---|---|---|
| 999 |
_c86091 _d86091 |
||
| 005 | 20180905133504.0 | ||
| 008 | 1998 a spa | ||
| 020 | _a968165885X | ||
| 050 | 0 | 4 |
_aF1281.9.S26 _bC37 1999 |
| 100 | 1 | _aCarr, David Charles Wright. | |
| 245 | 1 | 3 |
_aLa Conquista del Bajío y los orígenes de San Miguel de Allende _c/ David Charles Wright Carr. |
| 250 | _a1a ed. | ||
| 260 |
_aMéxico, D.F. : _bUniversidad del Valle de México : _bFondo de Cultura Económica, _c1999. |
||
| 300 |
_a158 p. ; _c21 cm. |
||
| 490 | _aSección de Obras de Historia | ||
| 504 | _aBibliografia: (p. 129-156) | ||
| 651 | 7 |
_2LEMB _aSan Miguel de Allende (Guanajuato) _xHistoria |
|
| 651 | 7 |
_2LEMB _aEl Bajío (Región) _xHistoria |
|
| 942 |
_2lcc _cLIB |
||